| 000 | 00538nam a2200181Ia 4500 | ||
|---|---|---|---|
| 003 | OSt | ||
| 005 | 20200803094430.0 | ||
| 008 | 190216s9999||||xx |||||||||||||| ||und|| | ||
| 020 | _a9780070990067 | ||
| 040 | _coclc | ||
| 082 |
_a515.35 _bAYR/T |
||
| 100 |
_a Ayres, Frank _93893 |
||
| 245 | 0 |
_aTheory and Problems of Differential Equations / _cFrank Ayres |
|
| 260 |
_bSchaum`S Outline Series, _c1972. _aSingapore: |
||
| 300 | _a295p | ||
| 650 | _aMathematics | ||
| 942 |
_cBK _2ddc _h515.35 _iAYR/T _k515.35 _mAYR/T |
||
| 999 |
_c31078 _d31078 |
||